000
00268nam a22001217a 4500
040
_c
SK
082
_a
630
100
_a
ជួង សុផល
245
_a
Surface irrigation design and evaluation
260
_a
THAILAND
_b
ជួង
_c
NA
300
_a
65p.
942
_c
EK
999
_c
9473
_d
9473